Online Catalogue and eLibrary

Women in Governance: (Record no. 5623)

MARC details
000 -LEADER
fixed length control field 00410nam a2200157Ia 4500
005 - DATE AND TIME OF LATEST TRANSACTION
control field 20250106030332.0
008 - FIXED-LENGTH DATA ELEMENTS--GENERAL INFORMATION
fixed length control field 240331s9999 xx 000 0 und d
082 ## - DDC Classification
Item Number - Author Mark PRA
DDC Edition Number 5739
Class No. 305
245 #0 - TITLE STATEMENT
Title Women in Governance:
Remainder of title Assessment and Analysis
260 ## - PUBLICATION, DISTRIBUTION, ETC.
Place of publication, distribution, etc. Kathmandu
Name of publisher, distributor, etc. Sap-Nepal Publishing House
Date of publication, distribution, etc. 2003
300 ## - PHYSICAL DESCRIPTION
Extent (e.g. Volumes, Pages etc.) 59 p.,
650 ## - SUBJECT ADDED ENTRY--TOPICAL TERM
Topical term or geographic name entry element Women
650 ## - SUBJECT ADDED ENTRY--TOPICAL TERM
Topical term or geographic name entry element Politics
700 ## - ADDED ENTRY--PERSONAL NAME
Personal name Shrestha, P
Relator term (Role) Editor
942 ## - Koha item type (Biblio)
Koha item type Books in Stacks (Lending)
Holdings
Lost status Damaged status Collection code Home library Current library Shelving location Date acquired Full call number Accession Number Item type
    Lending WERC Library WERC Library Social Science Cupboard 03/31/2024 341.7 GOO 5739 Books in Stacks (Lending)
    Lending WERC Library WERC Library   01/06/2025 PRA 305 5950 Books in Stacks (Lending)

© WERC Library